000 00168nam a2200073Ia 4500
008 170620s9999 xx 000 0 und d
100 _aASHA SINGH / PEENU NAGAR
245 0 _aBAALVIKAS
260 _bAPOLO
999 _c27107
_d27107